LEADER 00778naa a2200217 u 4500 001 000000093472 003 CaOOAMICUS 005 20070226130134.0 008 010704s1949 fr u000 u eng u 035 $a10895776 040 $aPUL(R)$bita 100 1 $aMonaco, Riccardo.$0(OLS)http://pul/name/28988 245 14$aLes conventions entre belligérants /$cpar Riccardo Monaco. 260 $a[S. l. :$bs. n.],$c1949. 300 $aP. [273-362] 504 $aBibliografia in nota. 650 4$aDiritto internazionale.$0(OLS)http://pul/subject/2505 773 0 $tRecueil des cours$gv.II (1949) 773 0 $tRecueil des cours 1949$w()59742 996 $6245$aLes conventions entre belligérants$9(OLS)http://pul/title/120335 996 $6260$a[S. l. :$bs. n.]$9(OLS)http://pul/publisher/47882 LEADER 01172nam a2200253 u 4500 001 000000048978 003 CaOOAMICUS 005 20070226115047.0 008 000609s1967 au u000 u ger u 035 $a10849752 040 $aPUL$bita 100 1 $aVinay, Valdo.$0(OLS)http://pul/name/9916 245 14$aDie Beziehungen zwischen Katholiken und Protestanten in Italien nach dem zweiten Vaticanischen Konzil /$cValdo Viney. 260 $a[Linz/Donau :$bLandesverlag,$c1967] 300 $aP. 252-259 ;$c23 cm 500 $aIn Theologisch-praktische Quartalschrift, 115 Jahr, 1967, 3.Heft. 611 24$aConcilium Vaticanum$n(2 :$d1962-1965).$0(OLS)http://pul/subject/71 850 $aPUL 852 $aPUL$W1$xDP1 Fondo Maccarrone$y58$m1513 G 27$j65159$nBK-PRI$b $qFondi$B65159$CPULBib$Z2$F65159 $H $81 941 1 $a1 960 $aConcilio Vaticano II (1962-1965)$971 961 $aINV: 3140.Fondo Maccarrone 996 $6245$aDie Beziehungen zwischen Katholiken und Protestanten in Italien nach dem zweiten Vaticanischen Konzil$9(OLS)http://pul/title/66028 996 $6260$a[Linz/Donau :$bLandesverlag$9(OLS)http://pul/publisher/67205